Farm cottages (Record no. 103271)

MARC details
000 -LEADER
fixed length control field 01452cam a2200313 4500
001 - CONTROL NUMBER
control field J124728
008 - FIXED-LENGTH DATA ELEMENTS--GENERAL INFORMATION
fixed length control field 040106n2000 000 0 eng u
035 ## - SYSTEM CONTROL NUMBER
System control number (Sirsi) u124728
041 ## - LANGUAGE CODE
Language code of text/sound track or separate title eng
050 ## - LIBRARY OF CONGRESS CALL NUMBER
Classification number 630.026
-- 18
100 ## - MAIN ENTRY--PERSONAL NAME
Personal name Williams, Peter R.
245 ## - TITLE STATEMENT
Title Farm cottages
Remainder of title security of tenure
260 ## - PUBLICATION, DISTRIBUTION, ETC.
Place of publication, distribution, etc. Bristol
Name of publisher, distributor, etc. Burges Salmon
Date of publication, distribution, etc. 2000
300 ## - PHYSICAL DESCRIPTION
Extent x, 114p.
Dimensions 23cm
350 ## - PRICE (NR) (BK AM CF MU VM SE) [OBSOLETE]
Price 9.50
520 ## - SUMMARY, ETC.
Summary, etc. An easy to use and comprehensive guide to the practical and technical issues involved in letting farm cottages, principally to farm or forestry workers, but also on the private rented market. Covers the three forms of letting under the Housing Act 1988: the assured tenancy, which carries full security of tenure; assured shorthold tenancies which give tenants a very limited level of security and assured agricultural occupancies which apply only to certain qualifying agricultural workers but give a high degree of security of tenure similar to the assured tenancy. Table of cases.
650 ## - SUBJECT ADDED ENTRY--TOPICAL TERM
Topical term or geographic name entry element FARM COTTAGES
650 ## - SUBJECT ADDED ENTRY--TOPICAL TERM
Topical term or geographic name entry element SECURITY OF TENURE
650 ## - SUBJECT ADDED ENTRY--TOPICAL TERM
Topical term or geographic name entry element ASSURED AGRICULTURAL OCCUPANCIES
650 ## - SUBJECT ADDED ENTRY--TOPICAL TERM
Topical term or geographic name entry element ASSURED SHORTHOLD TENANCIES
650 ## - SUBJECT ADDED ENTRY--TOPICAL TERM
Topical term or geographic name entry element ASSURED TENANCIES
650 ## - SUBJECT ADDED ENTRY--TOPICAL TERM
Topical term or geographic name entry element HOUSING ACT 1988
650 ## - SUBJECT ADDED ENTRY--TOPICAL TERM
Topical term or geographic name entry element HOUSING ACT 1980
650 ## - SUBJECT ADDED ENTRY--TOPICAL TERM
Topical term or geographic name entry element RENT (AGRICULTURE) ACT 1976
650 ## - SUBJECT ADDED ENTRY--TOPICAL TERM
Topical term or geographic name entry element PROTECTED SHORTHOLD TENANCIES
690 ## - LOCAL SUBJECT ADDED ENTRY--TOPICAL TERM (OCLC, RLIN)
Topical term or geographic name as entry element LANDLORD AND TENANT-AGRICULTURAL TENANCIES
700 ## - ADDED ENTRY--PERSONAL NAME
Personal name Johnstone, Michael
942 ## - ADDED ENTRY ELEMENTS (KOHA)
Suppress in OPAC 0
Holdings
Withdrawn status Lost status Source of classification or shelving scheme Damaged status Not for loan Home library Current library Shelving location Date acquired Total Checkouts Full call number Barcode Date last seen Date last checked out Copy number Price effective from Koha item type
    Dewey Decimal Classification     London London Books 07/01/2004 3 630.026 WIL 30068942 06/08/2019 31/10/2005 1 06/08/2019 Book